« Retourner aux résultats de recherche
contrat (Le)
| Auteur principal: | Bruce Beresford |
|---|---|
| D'autres auteurs: | Morgan Freeman John Cusack Jamie Anderson John Darrouzet Stephen Katz Normand Corbeil |
| Support: | DVD |
| Langue: | Anglais |
| Publié: |
2006 Revelations entertainment Etats-Unis |
| Genre: |
Film |
| Sujets: | |
| Étiquettes: |
Ajouter
Pas de Tags !
|
| LEADER | 01167ngm0a2200265 450 | ||
|---|---|---|---|
| 001 | 16848151 | ||
| 010 | |d 61,87 | ||
| 100 | |a 20080903d2006 u u0frey01 ba | ||
| 101 | 1 | |a eng |c eng | |
| 102 | |a US | ||
| 200 | 0 | |a contrat (Le) |f Bruce Beresford, réal. |g Stephen katz, John Darrouzet, scénario - Norman Corbeil, mus. - Morgan Freeman, John Cusack, Jamie Anderson, act. | |
| 207 | 1 | |a | |
| 210 | |a Etats-Unis |c Revelations entertainment |d 2006 | ||
| 215 | |a 1 DVD vidéo monoface zone 2 (93 min) |c 16/9, coul. (PAL), son. (Dolby digital 5.1) | ||
| 330 | |a Parti camper avec son fils, Ray Keene repêche deux hommes dans une rivière : un marshall mourant menotté à un tueur à gages... Bientôt des mercenaires se lancent à leurs trousses... Prêt et consultation. | ||
| 700 | 0 | |a Beresford |b Bruce |4 370 | |
| 702 | 0 | |a Freeman |b Morgan |4 590 | |
| 702 | 0 | |a Cusack |b John |4 590 | |
| 702 | 0 | |a Anderson |b Jamie |4 590 | |
| 702 | 0 | |a Darrouzet |b John |4 690 | |
| 702 | 0 | |a Katz |b Stephen |4 690 | |
| 702 | 0 | |a Corbeil |b Normand |4 230 | |
| 900 | |a Film | ||
| 901 | |a Accessible au prêt | ||
| 995 | |a Bibliothèque |c Bibliothèque |f 00156007785231 |h 00156007785231 |k F BER |o p |q a |r gd |e Bibliothèque | ||
